• 首页
  • 本馆介绍
  • 公告通知
  • 最新文献
  • 馆藏检索
  • 电子资源
  • 读者导购
  • 参考咨询
  • 我的图书馆
  • 登录
  • 详细信息显示
  • 放入我的书架
  • 预约/预借图书
  • 作者相关作品
  • 分类相关作品
  • 丛书相关作品
  • 出版社相关作品

书目信息

  • 表格格式
  • 工作单格式
  • 卡片格式
题名:
合理用药
    
 
作者: 谢惠民 主编 ;常明 副主编
分册:  
出版信息: 北京   人民卫生出版社  2004.01
页数: 983页
开本: 20cm
丛书名:
单 册:
中图分类: R969.3
科图分类:
主题词: 用药法 , 药理学
电子资源:
ISBN: 7-117-05485-9
000 00729nam0 2200265 45
001 012003000001
005 20040623114540.0
010    @a7-117-05485-9@b精装@dCNY58.00
100    @a2004101002004 y50 ea
101 0  @achi
102    @aCN@b110000
105    @ak z 001yy
200 1  @a合理用药@Ahe li yong yao@f谢惠民主编@Fxie hui min zhu bian@g常明副主编
205    @a4版
210    @a北京@c人民卫生出版社@d2004.01
215    @a983页@d20cm
333    @a适用于临床医药工作者
606 0  @a用药法
606 0  @a药理学
690    @aR969.3@v4
701  0 @a谢惠民@9Xie Hui Min@4主编
702  0 @a常明@9Chang Ming@4副主编
801  0 @aCN@bBZT@c20041010
905    @aBZT@dR969.3@e3@f10
906    @dCNY58.00@n0@r1
    
    合理用药/谢惠民主编/常明副主编.-4版.-北京:人民卫生出版社,2004.01
    983页;20cm
    使用对象:适用于临床医药工作者
    
    ISBN 7-117-05485-9(精装):CNY58.00
    
●
相关链接 在五车中查询图书 在当当中查询图书 在豆瓣中查询图书


正题名:合理用药     索取号:R969.3/3         预约/预借

序号 登录号 条形码 馆藏地/架位号 状态 备注
1 2001061443   2001061443   样本书库/样008架B面3层3列/ [索取号:R969.3/3] 在馆    
山东省滨州职业学院图书馆 欢迎您!
大连网信软件有限公司© 版权所有